[Event "World Team-ch Open 2019"]
[Site "Astana"]
[Date "2019.03.13"]
[Round "8.1"]
[White "Grandelius, Nils"]
[Black "Karjakin, Sergey"]
[Result "1/2-1/2"]
[WhiteElo "2694"]
[BlackElo "2753"]
[Annotator "TA"]
[PlyCount "60"]
[EventDate "2019.02.05"]
[EventType "team-tourn"]
[EventCountry "KAZ"]
[SourceTitle "playchess.com"]
[Source "ChessBase"]
[SourceQuality "1"]
[WhiteTeam "Sweden"]
[BlackTeam "Russia"]
[WhiteTeamCountry "SWE"]
[BlackTeamCountry "RUS"]

{[%evp 13,60,11,12,12,14,12,10,15,12,0,0,0,2,0,0,0,0,0,14,14,14,14,14,14,23,0,0,0,23,12,15,6,5,0,1,0,0,0,0,-8,-10,-12,-10,-17,0,0,0,-17,-11]} 1. e4 e5 2. Nf3 Nc6 3. Bc4 Bc5 4. d3 Nf6 5. O-O d6 6. c3 a6 7. a4 h6 8. Re1 {C54: Giuoco Piano: 4 c3 Nf6, main lines with 5 d4 and 5 d3} O-O 9. h3 a5 10. Bb5 $146 ({Predecessor:} 10. Nbd2 Be6 11. b3 d5 12. exd5 Nxd5 13. Ne4 Bb6 14. Ra2 f5 15. Ng3 Qf6 16. Nxe5 Nxe5 {½-½ (40) Ding,L (2813)-Anand,V (2773) Wijk aan Zee 2019}) 10... Na7 11. d4 exd4 12. cxd4 Bb4 13. Bd2 Nxb5 14. axb5 {[#] And now Bxb4 would win.} Bd7 15. Qb3 Bxb5 16. Bxb4 axb4 17. Rxa8 Qxa8 18. Qxb4 Qa4 19. Qd2 Bc6 20. Nc3 Qa8 21. d5 Bd7 {The position is equal.} 22. Nd4 Re8 23. Re3 c6 24. dxc6 bxc6 25. Nf3 Qb8 26. Qe2 c5 27. e5 dxe5 28. Rxe5 Rxe5 29. Nxe5 Be6 30. Nf3 Qb4 {Accuracy: White = 57%, Black = 78%.} 1/2-1/2

[Event "World Team-ch Open 2019"]
[Site "Astana"]
[Date "2019.03.13"]
[Round "8.2"]
[White "Grischuk, Alexander"]
[Black "Tikkanen, Hans"]
[Result "1-0"]
[WhiteElo "2771"]
[BlackElo "2510"]
[Annotator "TA"]
[PlyCount "71"]
[EventDate "2019.02.05"]
[EventType "team-tourn"]
[EventCountry "KAZ"]
[SourceTitle "playchess.com"]
[Source "ChessBase"]
[SourceQuality "1"]
[WhiteTeam "Russia"]
[BlackTeam "Sweden"]
[WhiteTeamCountry "RUS"]
[BlackTeamCountry "SWE"]

{[%evp 18,71,11,21,18,15,28,27,48,38,14,30,33,0,73,66,110,115,116,120,143,147,153,154,131,124,142,133,165,159,214,206,204,209,285,275,318,314,359,366,614,600,607,588,819,812,753,507,487,454,488,479,484,469,513,504]} 1. e4 e6 2. d4 d5 3. Nc3 Bb4 4. e5 c5 5. a3 Bxc3+ 6. bxc3 Qa5 7. Bd2 Qa4 8. Qg4 Kf8 9. h4 {C18: French: 3 Nc3 Bb4: Main line: 7 h4 and 7 Qg4} Nc6 10. h5 {LiveBook: 7 Games} Qxc2 $146 ({Predecessor:} 10... h6 11. Qd1 cxd4 12. Nf3 dxc3 13. Bxc3 g5 14. hxg6 Qe4+ 15. Be2 Qxg6 16. Qd2 Nge7 17. Bd3 Qxg2 18. Ke2 Qg4 19. Rh4 Qg7 20. Rg1 Ng6 21. Rf4 Nce7 22. Bb4 a5 23. Rxg6 {1-0 (23) Caruana,F (2804)-Lenderman,A (2599) Saint Louis 2018}) 11. Rc1 {The position is equal.} Qe4+ 12. Qxe4 dxe4 13. Ne2 f5 14. g4 Nge7 15. gxf5 Nxf5 (15... exf5 $11 16. Nf4 cxd4) 16. Bg2 $16 h6 17. Bxe4 Kf7 18. Rg1 Rd8 19. Bxf5 $1 exf5 20. Be3 $1 Be6 21. Nf4 Bc4 {[#]} 22. e6+ $1 Kg8 {[#]} 23. f3 $1 Kh7 (23... Rac8 $16 24. Kf2 cxd4 25. cxd4 Ne7) 24. Kf2 Rac8 25. dxc5 Rc7 26. Rcd1 Re8 27. Rd6 (27. Rd7 Rxd7 28. exd7 Rd8 $16) 27... Rce7 {[%cal Rc4e6]} 28. Bd4 $1 Nxd4 $2 (28... Nd8 29. Ng6 Nxe6 30. Nxe7 Rxe7) 29. cxd4 $18 {White is clearly winning.} ({Weaker is} 29. Rxd4 Bxe6 30. Nxe6 Rxe6 $11) 29... Bxe6 30. Ng6 ({Less strong is} 30. Nxe6 Rxe6 31. Rxe6 Rxe6 $18) 30... Bf7 31. Nxe7 Rxe7 32. Re1 Rc7 33. Re5 Bxh5 34. Rxf5 Be8 35. Rf8 Bb5 36. f4 {Precision: White = 97%, Black = 24%.} 1-0

[Event "World Team-ch Open 2019"]
[Site "Astana"]
[Date "2019.03.13"]
[Round "8.3"]
[White "Blomqvist, Erik"]
[Black "Andreikin, Dmitry"]
[Result "0-1"]
[WhiteElo "2488"]
[BlackElo "2725"]
[Annotator "TA"]
[PlyCount "78"]
[EventDate "2019.02.05"]
[EventType "team-tourn"]
[EventCountry "KAZ"]
[SourceTitle "playchess.com"]
[Source "ChessBase"]
[SourceQuality "1"]
[WhiteTeam "Sweden"]
[BlackTeam "Russia"]
[WhiteTeamCountry "SWE"]
[BlackTeamCountry "RUS"]

{[%evp 11,78,17,12,12,23,13,23,17,25,14,25,18,26,29,69,64,89,31,31,32,38,37,31,0,12,-12,-10,-28,-19,-31,6,-5,0,0,0,0,0,0,0,0,12,0,0,0,8,0,0,0,0,-13,-20,-220,-201,-269,-264,-269,-272,-370,-366,-497,-382,-1081,-1057,-1313,-1287,-1285,-1043,-1250,-1226]} 1. e4 c6 2. d4 d5 3. exd5 cxd5 4. Bd3 Nc6 5. c3 Qc7 6. Ne2 Bg4 7. O-O {B13: Caro-Kann: Exchange Variation and Panov-Botvinnik Attack} e6 8. Qe1 Be7 (8... Bxe2 9. Qxe2 Nf6 10. Nd2 Bd6 11. g3 O-O 12. f4 a6 13. Nf3 b5 14. a3 Ne7 {½-½ (52) Le,Q (2715)-Nisipeanu,L (2661) Batumi 2018}) 9. Bf4 {White has an edge.} Qb6 10. Nd2 $146 ({Predecessor:} 10. b4 Bh5 11. a4 Bg6 12. a5 Qd8 13. Bb5 a6 14. Bxc6+ bxc6 {0-1 (47) Connell,B (2234)-Admiraal,M (2453) chess.com INT 2018}) 10... Nf6 11. Rb1 O-O 12. Ng3 g6 13. f3 Bf5 14. Nxf5 ({White should try} 14. Bxf5 $16 exf5 15. Bh6) 14... exf5 $14 15. Bg5 Rfe8 16. Qh4 Nd7 {[#] Strongly threatening ...Bxg5.} 17. Bxe7 Rxe7 18. Rfd1 Rae8 19. Bf1 Qa5 20. a3 Qa4 21. Qf2 Nb6 22. Bd3 Na5 23. Re1 Qd7 24. Rxe7 Qxe7 25. Bb5 Nc6 26. Kf1 Qd6 27. Kg1 a6 28. Bd3 Na4 29. Bc2 b5 30. Bxa4 bxa4 31. b4 $2 (31. Nf1 $11 {and White is okay.}) 31... axb3 $1 $19 32. Rxb3 {[#]} Na5 $1 {[%cal Ra5b3]} 33. Rb4 Qc7 34. Nb3 {Now Nc5 and White clings on.} Nc6 (34... Qxc3 $2 35. Qd2 $17) 35. Ra4 Qb6 36. Qc2 $2 (36. Rb4 Nxb4 37. axb4) 36... Qb5 {Black is clearly winning.} 37. Nc5 Re1+ 38. Kf2 Qf1+ 39. Kg3 Re2 {Accuracy: White = 42%, Black = 59%.} 0-1

[Event "World Team-ch Open 2019"]
[Site "Astana"]
[Date "2019.03.13"]
[Round "8.4"]
[White "Artemiev, Vladislav"]
[Black "Smith, Axel"]
[Result "1-0"]
[WhiteElo "2736"]
[BlackElo "2487"]
[Annotator "TA"]
[PlyCount "67"]
[EventDate "2019.02.05"]
[EventType "team-tourn"]
[EventCountry "KAZ"]
[SourceTitle "playchess.com"]
[Source "ChessBase"]
[SourceQuality "1"]
[WhiteTeam "Russia"]
[BlackTeam "Sweden"]
[WhiteTeamCountry "RUS"]
[BlackTeamCountry "SWE"]

{[%evp 20,67,13,14,27,33,43,40,48,35,38,10,32,17,20,0,19,18,82,79,79,77,88,73,141,139,122,70,72,80,79,51,101,94,199,225,244,247,270,273,625,609,551,635,740,724,777,762,973,937]} 1. d4 d5 2. c4 c5 3. e3 Nf6 4. Nf3 cxd4 5. exd4 g6 6. Nc3 Bg7 7. cxd5 O-O 8. Bc4 Nbd7 9. d6 exd6 10. O-O Nb6 11. Bb3 Bf5 {B14: Caro-Kann: Panov-Botvinnik Attack with 5...e6 and 5...g6} 12. Re1 Qd7 (12... Rc8 13. Bg5 h6 14. Bh4 Qd7 15. h3 g5 16. Bg3 Rc4 17. Qe2 Rfc8 18. Qe7 R4c6 19. Nb5 {0-1 (38) Schneider,D (2487)-Mahjoob,M (2507) Beijing 2008}) 13. a4 $146 ({Predecessor:} 13. Bf4 Rac8 14. Qe2 Nh5 15. Be3 a6 16. Rac1 Rfe8 17. Ng5 d5 18. Qf3 Bg4 19. Qxf7+ Qxf7 20. Nxf7 Kxf7 21. Nxd5 Nxd5 22. Bxd5+ {½-½ (56) Gulie,C (2057)-Ursan,P (2155) Calimanesti Caciulata 2017}) 13... a5 {White is slightly better.} 14. Bf4 Rfe8 15. Nb5 Rxe1+ 16. Qxe1 Bf8 17. Rc1 $36 {[%mdl 2048] [#] aiming for Rc7. White has good play.} Nbd5 18. Bg5 {Bxf6 is the strong threat.} Rc8 (18... Re8 $1 $11 19. Qd2 (19. Qxa5 Bh3 $11) 19... Ne4) 19. Rxc8 $16 Qxc8 20. Qxa5 Be4 21. Nc3 Bxf3 (21... Nxc3 $142 22. bxc3 (22. Qxc3 Qf5 $14) 22... b6) 22. gxf3 ({Don't do} 22. Bxd5 $6 Bxd5 23. Nxd5 (23. Bxf6 Bxg2 24. Kxg2 Qg4+ 25. Kf1 Qh3+ 26. Ke1 Qe6+ 27. Be5 dxe5 $11) 23... Nxd5 $11) 22... Nxc3 23. Qxc3 ({White should try} 23. bxc3 $16 Kg7 24. Qb5) 23... Qf5 $14 24. Bd2 d5 25. Bc2 Qh5 26. Bf4 Bh6 {[#]} (26... Ne8 $16) 27. Qe3 $1 $18 Bxf4 28. Qxf4 Kg7 29. Kg2 g5 $2 (29... Nd7 30. Kg3 Nf8) 30. Qe5 {White is clearly winning.} Qh4 31. Bf5 Qh6 32. a5 g4 33. fxg4 {Threatens to win with f4.} Qd2 34. Qe3 {Accuracy: White = 74%, Black = 25%.} 1-0

[Event "World Team-ch Open 2019"]
[Site "Astana"]
[Date "2019.03.13"]
[Round "8.5"]
[White "Ding, Liren"]
[Black "Adams, Michael"]
[Result "1-0"]
[WhiteElo "2812"]
[BlackElo "2708"]
[Annotator "TA"]
[PlyCount "117"]
[EventDate "2019.02.05"]
[EventType "team-tourn"]
[EventCountry "KAZ"]
[SourceTitle "playchess.com"]
[Source "ChessBase"]
[SourceQuality "1"]
[WhiteTeam "China"]
[BlackTeam "England"]
[WhiteTeamCountry "CHN"]
[BlackTeamCountry "ENG"]

{[%evp 18,117,20,14,27,27,27,21,30,29,28,13,46,45,36,16,52,45,62,54,52,21,21,18,21,11,3,0,0,2,2,0,2,2,14,10,7,8,26,0,6,16,12,0,0,0,0,0,0,0,0,0,0,0,0,0,0,0,0,0,78,70,70,72,85,83,83,86,85,82,131,127,189,80,85,80,80,62,83,80,120,107,87,99,294,295,369,368,4578,4013,1463,1962,1347,474,29949,29954,29960,29963,11866,12504,5608,4627]} 1. Nf3 d5 2. g3 Nf6 3. Bg2 c5 4. O-O g6 5. d4 cxd4 6. Nxd4 Bg7 7. Nb3 O-O 8. Nc3 e6 9. e4 {A49: 1 d4 Nf6 2 Nf3 g6 3 g3: Anti-King's Indian systems} Nc6 (9... dxe4 10. Nxe4 Nxe4 11. Qxd8 Rxd8 12. Bxe4 Nc6 13. c3 e5 14. Be3 f5 15. Bg2 Bf8 16. Rfe1 Be6 {1-0 (35) Karjakin,S (2767)-Jakovenko,D (2747) Tashkent 2014 CBM 163 [Ftacnik,L]}) 10. exd5 {LiveBook: 4 Games} exd5 11. Bg5 {[%cal Rc3d5] White has an edge.} h6 $146 ({Predecessor:} 11... Be6 12. Nc5 Qe7 13. Nxe6 fxe6 14. Re1 Qf7 15. Qd2 Kh8 16. Nd1 Ne4 17. Bxe4 dxe4 18. Rxe4 {1-0 (24) Beshukov,S (2461)-Eraschenkov,D (2388) Belorechensk 2007}) 12. Be3 Re8 13. Qd2 Ng4 14. Bc5 Be6 15. Nxd5 Bxb2 16. Rad1 Bxd5 17. Bxd5 Qg5 18. Qxg5 hxg5 19. c4 Rac8 20. h3 Nf6 21. Be3 g4 22. Bg2 gxh3 23. Bxh3 Rc7 24. Kg2 Ne5 25. c5 Kg7 26. Bf4 Rce7 27. Rd2 Ba3 $1 28. Rd4 Nc6 $132 {[%mdl 2048] Black is not keeping still} 29. Ra4 Bb4 30. Bd6 Re2 {[#]} 31. Nd4 $1 {[%mdl 512]} Nxd4 32. Rxb4 Nc2 33. Rxb7 Ne3+ 34. Kf3 Nxf1 35. Bxf1 Rc2 {With the idea ...Ne4.} 36. Bb5 Re6 {And now ...Ne4 would win.} 37. Rxa7 Ne4 38. Bd7 Rxf2+ (38... Nd2+ $1 $11 {keeps the balance.} 39. Kg4 Re4+ 40. f4 Nc4) 39. Ke3 $16 Rff6 40. Bxe6 Rxe6 $14 {[%mdl 4096] Endgame KRB-KRN} 41. Bc7 {Strongly threatening Kd4.} Nxc5+ 42. Kd4 Na6 43. Be5+ Kf8 44. a3 $1 {[%cal Ba2a3,Ba3a4,Ba4a5,Ba5a6,Ba6a7][%mdl 32]} Ke8 (44... Nc5 $16 45. a4 (45. Kxc5 Rxe5+ 46. Kc6 Rg5 $11) 45... Na6) 45. Kd5 (45. Bf4 $18 {and White stays clearly on top.}) 45... Nc5 $16 46. a4 {Hoping for a5.} ({Much worse is} 46. Kxc5 $6 Rxe5+ 47. Kd6 Re6+ 48. Kd5 Re3 $11) 46... Nd7 47. Bc7 {Black must now prevent Ra8+.} Nf6+ 48. Kc4 Rc6+ 49. Kb5 $1 {[%cal Rb5c6]} Rc2 50. a5 {aiming for Bd6.} Kd7 $2 {[#]} (50... Nd5 $16 51. Bd6 Nc3+ 52. Kc4 Ne4+ 53. Kd3 Rd2+ 54. Kxe4 Rxd6) 51. Be5+ $1 $18 Ke6 {[#]} 52. Rc7 $1 {[%cal Rc7c2]} Ra2 $2 (52... Rxc7 53. Bxc7 Kd7) 53. Bxf6 $1 Kxf6 {KR-KR} 54. a6 Rb2+ 55. Kc6 Ra2 (55... Kf5 $18 56. Rxf7+ Kg4) 56. a7 Kg5 57. Rxf7 Kg4 58. Rg7 g5 59. Kb7 {Precision: White = 76%, Black = 54%.} 1-0

[Event "World Team-ch Open 2019"]
[Site "Astana"]
[Date "2019.03.13"]
[Round "8.6"]
[White "McShane, Luke J"]
[Black "Yu, Yangyi"]
[Result "1/2-1/2"]
[WhiteElo "2661"]
[BlackElo "2761"]
[Annotator "TA"]
[PlyCount "107"]
[EventDate "2019.02.05"]
[EventType "team-tourn"]
[EventCountry "KAZ"]
[SourceTitle "playchess.com"]
[Source "ChessBase"]
[SourceQuality "1"]
[WhiteTeam "England"]
[BlackTeam "China"]
[WhiteTeamCountry "ENG"]
[BlackTeamCountry "CHN"]

{[%evp 15,107,17,21,32,23,22,30,18,24,18,20,6,16,10,20,18,18,16,16,22,21,13,14,0,39,18,25,18,26,27,25,34,33,0,0,0,0,0,0,-11,0,0,0,0,0,0,0,0,0,0,0,0,32,25,29,30,29,29,55,43,53,24,34,1,6,9,10,0,0,0,0,0,0,0,0,0,5,7,75,72,84,35,35,18,18,8,23,0,20,0,5,0,22,0]} 1. e4 e5 2. Nf3 Nf6 3. Nxe5 d6 4. Nf3 Nxe4 5. Nc3 Nxc3 6. dxc3 Be7 7. Be3 Nc6 8. Qd2 Be6 9. O-O-O {C42: Petroff Defence: 3 Nxe5 and unusual White 3rd moves} Qd7 ({Don't blunder} 9... Bxa2 $2 10. b3 $18) 10. Kb1 (10. a3 a6 11. h4 Bf6 12. Ng5 O-O-O 13. Nxe6 fxe6 14. g3 d5 15. Bh3 Kb8 16. Rhe1 Rhe8 {0-1 (35) Vachier Lagrave,M (2780)-Duda,J (2738) chess.com INT 2019}) 10... Bf6 11. h4 {White has an edge.} O-O-O 12. Bg5 Qe7 13. Qf4 h6 14. Bxf6 Qxf6 15. Qxf6 gxf6 16. Nd4 Ne5 17. Rd2 $146 Rhg8 18. Ne2 Rde8 19. b3 Ng6 20. Ng3 Bd7 21. Nh5 Re1+ 22. Kb2 f5 23. Nf6 Rd8 24. f3 Bc6 25. Re2 Rd1 26. Rf2 Rh8 27. Rh2 Ne5 28. Nh5 Rg8 29. Be2 Re1 $1 30. Nf4 Kd8 31. Rf1 $36 {[%mdl 2048] White is pushing.} Rxf1 32. Bxf1 Bd7 33. Kc1 Be6 34. Kd2 a5 35. a4 Ng6 36. Nh5 Ne7 37. Bd3 Nd5 38. Bc4 Nb6 39. Bf1 Ke7 40. Rh1 c5 41. c4 d5 42. cxd5 Nxd5 43. Rg1 Rd8 {[#] ...Nf6+ is the strong threat.} 44. Bd3 Nb4 45. Nf4 c4 46. Nxe6 Kxe6 (46... fxe6 $11 47. bxc4 Na6) 47. bxc4 $11 {[%mdl 4096] Endgame KRB-KRN} b6 48. Ke3 Na6 49. Rb1 Rd6 $1 50. Kf4 Rd4+ $1 51. Ke3 Rd6 {The position is equal.} 52. Kf4 Rd4+ $1 53. Ke3 Rd6 54. Kf4 {Accuracy: White = 67%, Black = 74%.} 1/2-1/2

[Event "World Team-ch Open 2019"]
[Site "Astana"]
[Date "2019.03.13"]
[Round "8.7"]
[White "Wei, Yi"]
[Black "Howell, David W L"]
[Result "1-0"]
[WhiteElo "2733"]
[BlackElo "2693"]
[Annotator "TA"]
[PlyCount "117"]
[EventDate "2019.02.05"]
[EventType "team-tourn"]
[EventCountry "KAZ"]
[SourceTitle "playchess.com"]
[Source "ChessBase"]
[SourceQuality "1"]
[WhiteTeam "China"]
[BlackTeam "England"]
[WhiteTeamCountry "CHN"]
[BlackTeamCountry "ENG"]

{[%evp 10,117,23,21,15,12,39,28,39,33,44,37,60,60,60,62,69,62,56,66,66,62,69,64,62,55,58,57,49,28,62,29,50,48,63,55,58,52,47,55,47,10,9,0,0,0,73,73,73,73,73,73,73,73,73,70,83,25,59,0,55,23,16,17,31,37,354,352,318,308,428,432,535,518,522,530,527,530,483,522,561,529,534,492,537,0,0,0,474,476,2888,2860,4994,4918,29977,29977,29977,12189,29980,29981,29981,29982,29982,29983,29983,29983,29989,29985,29994,29995]} 1. Nf3 Nf6 2. c4 b6 3. g3 Bb7 4. Bg2 g6 5. d4 Bg7 6. O-O e6 {A50: Queen's Fianchetto Defence (1 d4 Nf6 2 c4 b6)} (6... O-O 7. d5 e6 8. Nc3 Re8 9. Nd4 exd5 10. cxd5 Na6 11. Rb1 Nc5 12. Bf4 Nce4 13. Nxe4 Nxe4 14. Nb5 d6 15. Qc2 Bxd5 16. Qxc7 {1-0 (54) So,W (2765)-Mamedyarov,S (2817) Kolkata 2018}) 7. Bf4 d6 8. Qc2 O-O {White has an edge.} 9. Nc3 Nc6 10. Rad1 Qe7 11. Rfe1 Nxd4 $146 ({Predecessor:} 11... h6 12. e4 Nh5 13. Be3 Rae8 14. h3 {1-0 (41) Sebenik,M (2512)-Shengelia,D (2573) Zillertal 2015}) 12. Nxd4 ({Much weaker is} 12. Rxd4 e5 $11) 12... Bxg2 13. Kxg2 {Bg5 is the strong threat.} e5 14. Be3 {aiming for Nc6.} exd4 15. Bxd4 c6 16. Qd3 Rfe8 17. Qf3 Rac8 18. e4 Nd7 19. b3 Nc5 20. h4 h5 21. Qe3 Rcd8 22. Bxg7 Kxg7 23. b4 Nd7 24. b5 Rc8 25. bxc6 Rxc6 26. Nd5 Qe6 27. Qc3+ f6 (27... Kh7 $11 {keeps the balance.}) 28. Qa3 $36 {[%mdl 2048] White is really pushing.} a5 29. Rd4 Ne5 30. Qb3 Rec8 {[%cal Re5c4]} 31. Rc1 Nd7 32. Qb5 Rc5 33. Qa6 (33. Qb2 $16) 33... Qf7 34. Nf4 ({White should try} 34. Rb1 $14) 34... R5c6 (34... R8c6 $11) 35. Rxd6 Nc5 36. Rxc6 Nxa6 37. Rxc8 Qb7 $2 {[%mdl 8192]} (37... g5 $1 $14 38. Nd5 Qe6) 38. Re8 $18 Kf7 39. Rd8 Qxe4+ 40. f3 Qe7 41. Rcd1 Nc5 42. Rh8 Ne6 43. Rh7+ $1 Ng7 {next ...g5 is good for Black.} 44. Rd2 Qe8 {[#]} 45. Rd8 $3 {[%mdl 512]} Qa4 (45... Qxd8 46. Rxg7+) 46. Kh3 Qc6 47. Rhh8 {And now Rhf8+ would win.} Ne6 $1 {[%cal Re6f4]} 48. Rh7+ Ng7 {[#]} 49. Kh2 $1 g5 {[#]} (49... Qb7 $142 50. Rd6 Kg8) 50. hxg5 $1 fxg5 51. Nxh5 Qxf3 52. Rxg7+ {[%mdl 64] Double Attack} Ke6 53. Rxg5 Qf2+ 54. Kh3 {White mates.} Qf1+ 55. Kh4 Qxc4+ 56. Nf4+ Ke7 57. Rgd5 Qxa2 58. Kg5 {[%csl Gd8][%cal Rd5d7]} Qa4 59. Ng6+ {Accuracy: White = 66%, Black = 38%.} 1-0

[Event "World Team-ch Open 2019"]
[Site "Astana"]
[Date "2019.03.13"]
[Round "8.8"]
[White "Jones, Gawain C B"]
[Black "Bu, Xiangzhi"]
[Result "1/2-1/2"]
[WhiteElo "2681"]
[BlackElo "2731"]
[Annotator "TA"]
[PlyCount "62"]
[EventDate "2019.02.05"]
[EventType "team-tourn"]
[EventCountry "KAZ"]
[SourceTitle "playchess.com"]
[Source "ChessBase"]
[SourceQuality "1"]
[WhiteTeam "England"]
[BlackTeam "China"]
[WhiteTeamCountry "ENG"]
[BlackTeamCountry "CHN"]

{[%evp 24,62,9,7,14,2,16,10,18,4,6,0,8,0,0,0,53,39,41,0,0,0,34,0,13,0,8,25,14,7,10,10,10,10,10,10,10,7,13,12,22]} 1. e4 c5 2. Nf3 d6 3. Bb5+ Nc6 4. O-O Bd7 5. Re1 Nf6 6. c3 a6 7. Bf1 Bg4 8. h3 Bxf3 9. Qxf3 e6 {B51: Sicilian: Moscow Variation (3 Bb5+) without 3...Bd7} 10. d3 (10. Qg3 g6 11. d3 Bg7 12. Bg5 h6 13. Be3 O-O 14. Be2 c4 15. Nd2 cxd3 16. Bxd3 b5 17. Rad1 {½-½ (31) Tari,A (2618)-Safarli,E (2676) Porto Carras 2018}) 10... Be7 11. Nd2 O-O 12. g3 d5 13. Qe2 {LiveBook: 3 Games} b5 14. Bg2 Rb8 $146 ({Predecessor:} 14... Qc7 15. Nf3 dxe4 16. dxe4 e5 17. Nd2 {½-½ (31) Suarez Gomez,J (2487)-Pulvett Marin,D (2455) Sanxenxo 2018}) 15. Nf3 Qb6 16. exd5 Nxd5 17. Ng5 Bxg5 $1 18. Bxg5 h6 19. Bh4 b4 (19... Rfe8 $11) 20. Qg4 $1 $14 Kh8 21. Rac1 bxc3 22. bxc3 Nde7 23. d4 cxd4 (23... Rbc8 {is interesting.} 24. a4 Qa5 25. Qh5 Ng6 26. d5 c4) 24. cxd4 Nd5 25. Bxd5 exd5 26. Be7 {The position is equal.} Nxe7 27. Rxe7 Qf6 28. Re5 Rb2 29. Qf5 Qxf5 30. Rxf5 Rxa2 31. Rxd5 Rb2 {Precision: White = 36%, Black = 44%.} 1/2-1/2

[Event "World Team-ch Open 2019"]
[Site "Astana"]
[Date "2019.03.13"]
[Round "8.9"]
[White "Adhiban, B.."]
[Black "Swiercz, Dariusz"]
[Result "1/2-1/2"]
[WhiteElo "2683"]
[BlackElo "2655"]
[Annotator "TA"]
[PlyCount "175"]
[EventDate "2019.02.05"]
[EventType "team-tourn"]
[EventCountry "KAZ"]
[SourceTitle "playchess.com"]
[Source "ChessBase"]
[SourceQuality "1"]
[WhiteTeam "India"]
[BlackTeam "United States"]
[WhiteTeamCountry "IND"]
[BlackTeamCountry "USA"]

{[%evp 16,175,0,6,15,15,26,17,22,20,22,-14,-16,-11,-26,-16,0,-110,-36,-39,-31,-42,0,-41,-28,-60,-60,-67,-66,-54,-53,-58,-47,-49,-43,-45,-64,-61,-54,-53,-54,-57,-61,-89,-43,-123,-127,-140,-128,-140,-135,-145,-119,-170,-152,-184,-200,-282,-120,-186,-172,-172,-147,-170,-162,-163,-145,-130,-134,-139,-115,-113,-123,-162,-153,-153,-147,-156,-155,-148,-154,-142,-144,-226,-181,-179,-156,-182,-182,-176,-177,-171,-125,-141,-159,-239,-169,-380,-299,-365,-364,-426,-455,-455,-449,-447,-358,-346,-365,-378,-378,-350,-340,-467,-424,-625,-614,-4141,-4141,-4141,-924,-3669,-1084,-507,-386,-259,-259,-4141,-26,-26,-26,-26,-26,-26,-8,-8,-8,-8,-8,-8,-8,-8,-8,-8,-8,-8,-8,-8,0,-8,0,0,0,0,0,-8,-8,-8,0,0,0,0]} 1. d4 Nf6 2. c4 e6 3. Nf3 d5 4. g3 dxc4 5. Bg2 c5 6. O-O Nc6 7. Ne5 Bd7 8. Nxc4 cxd4 9. Bf4 Be7 {E04: Open Catalan: 5 Nf3} 10. Nd6+ Kf8 {aiming for ...e5.} 11. Nxb7 Qb6 {[%mdl 64] Double Attack} 12. Nd6 Qc5 13. b4 Qxb4 14. a3 Qc5 15. Qb3 {With the idea Rc1.} Qh5 $36 {[%mdl 2048] Black has good play.} ({Of course not} 15... Bxd6 $6 16. Rc1 $16) 16. Qc4 $146 (16. Nc4 $11) ({Predecessor:} 16. Rc1 g5 17. Bxc6 {0-1 (26) Arnaudov,P (2459)-Fridman,D (2633) Germany 2019}) 16... Nd5 (16... g5 $1 $17 {[%cal Rg5f4]} 17. Bxc6 gxf4 18. Bxa8 Ng4) 17. Bf3 $15 Qh3 18. Bg2 Qh5 (18... Qg4 $5 {[%cal Rd5f4]} 19. h3 Qh5 $15) 19. Bf3 Qg6 20. Bxd5 exd5 21. Qxd5 Qe6 22. Qxe6 Bxe6 23. Rc1 Na5 $1 {[%cal Ra5b3]} 24. Nd2 g5 $1 {[%cal Rg5f4]} 25. Be5 f6 26. Bxd4 Bxd6 27. Bxf6 Rg8 28. Ne4 Kf7 {White must now prevent ...Nb3.} 29. Rc3 Nc4 {[#]} (29... Bb8 {feels hotter.} 30. Rf1 h6 31. Bd4 Bd5 32. Nf6 Rd8) 30. Nxd6+ (30. Rxc4 $1 $15 {[%mdl 512]} Bxc4 31. Nxd6+ Kxf6 32. Nxc4) 30... Nxd6 $17 31. Be5 Nc4 32. Rf3+ Ke8 $1 33. Bd4 a5 34. a4 (34. Rb3 $17) 34... Rb8 35. Rc1 Rb4 36. Ra1 (36. Bc5 $142 Rxa4 37. Rf6) 36... Rb7 (36... Nd2 $1 $19 {[%cal Rd2f3] and Black stays clearly on top.} 37. Rd3 Nb3) 37. Bc3 (37. Rc1 $17) 37... Rf8 $19 38. Rd3 Rff7 39. f3 Rfd7 40. g4 Kf7 41. Rxd7+ Bxd7 42. Rd1 Be6 43. Kf2 Rb3 44. Be1 Ra3 45. Rd8 Rxa4 46. Rh8 Kg6 $1 47. Re8 {[#]} Bf7 $1 {[%cal Rf7e8]} 48. Rc8 Ra3 49. Ra8 (49. Rc6+ $17 Kg7 50. Rc7) 49... Kf6 50. Kg3 a4 51. h4 gxh4+ 52. Kxh4 Ke6 53. f4 Ra1 54. f5+ Kd5 55. Bb4 (55. Bc3 $17 Rc1 56. Bg7) 55... h6 56. Rf8 $2 (56. Bf8 {is a better defense.}) 56... Rh1+ 57. Kg3 Rb1 58. Be7 Rb7 ({Weaker is} 58... Ne5 59. Ra8 $19) 59. Bf6 Nd6 60. Rd8 Kc6 61. Be5 Rb3+ 62. Kh4 Nc4 63. Bg7 a3 {[%cal Ba4a3,Ba3a2][%mdl 32]} 64. Bxh6 a2 65. Bg7 (65. Ra8 $142 Rb2 66. Bg7 Rxe2 67. Kg5) 65... Ne3 66. Rd3 Rxd3 67. exd3 Kd5 (67... Bd5 $142 68. Kg3 Kc5) 68. Bb2 Kd6 69. Kg5 Ke7 70. Kf4 {[#]} Nd5+ $1 71. Kg5 $2 (71. Ke4) 71... Nb4 $2 (71... Be8 $19 72. Kh6 Kf8 73. Bg7+ Kf7) 72. Kh6 $1 $11 Nxd3 73. Ba1 $1 Kf8 {Threatens to win with ...Bd5.} 74. g5 $1 Kg8 75. g6 {The position is equal.} Be8 {Strongly threatening ...Ne1.} 76. f6 Nb4 77. Kg5 Nc2 78. Bb2 Ne3 {And now ...Nc2 would win.} 79. f7+ {[#]} Bxf7 $1 80. gxf7+ Kxf7 {[%mdl 4096] Endgame Hoping for ...Nc2. KB-KN} 81. Kf4 Nc4 82. Ba1 Ke6 83. Ke4 Nd2+ 84. Kd3 Nb3 85. Kc3 Nxa1 86. Kb2 Ke5 {...Nb3! is the strong threat.} (86... Nc2 $5 87. Kxa2 $19) 87. Kxa1 Kd4 88. Kxa2 {Accuracy: White = 58%, Black = 69%.} 1/2-1/2